000 00542nam a2200205Ia 4500
003 GCL
008 140319s9999 xx 000 0 eng d
040 _aGCL /
_cGCL
082 0 4 _a945.05
_bBC
100 1 _aBURCKHARDT, JACOB
245 1 0 _aCIVILISATION DE LA RENAISSANCE EN ITALIE : TOME 1 /
_cBURCKHARDT, JACOB
260 _a[S.N] :
_bLE LIVRE DE POCHE ،
_c1958
300 _a276
650 0 4 _aCIVILIZATION
650 0 4 _aHISTORY
650 0 4 _aITALY
650 0 4 _aITALY - RENAISSANCE
650 0 4 _aITALY - HISTORY
942 _2ddc
_cBK
999 _c25378
_d25378